| 000 | 00632nam a2200181 i 4500 | ||
|---|---|---|---|
| 001 | 40981 | ||
| 003 | ES-MaACL | ||
| 005 | 20230906160343.0 | ||
| 007 | t| | ||
| 008 | 030307s1961 sp ||||1| spa d | ||
| 100 | 1 |
_aCarpena Artes, Octavio. _935429 |
|
| 245 | 1 | 0 |
_aNecesidades hídricas del limonero / _cOctavio Carpena Artes. |
| 260 |
_aMurcia : _b[s.n., _c1961] |
||
| 300 |
_a26 p., 9 lám. : _bil. ; _c24 cm. |
||
| 500 | _aPrecede al tít.: Instituto de Orientación y Asistencia Técnica del Sureste. | ||
| 710 | 2 |
_aInstituto de Orientación y Asistencia Técnica del Sureste. _94991 |
|
| 852 |
_aES-MaACL _j2026-F-13 _bR.49704 |
||
| 999 |
_c40981 _d40981 |
||